000 00240nam a2200097Ia 4500
001 1024516
005 20250826231255.0
008 250824s9999 xx 000 0 und d
245 0 _a YARALI
_cKAHRAMAN TAZEOĞLU
260 _bDESTEK YAYINLARI
999 _c1024516
_d1024516